| 000 | 00644nam a22001817a 4500 | ||
|---|---|---|---|
| 999 |
_c61737 _d61737 |
||
| 005 | 20240425123419.0 | ||
| 008 | 240425s2007 enk||||| |||| 00| 0 eng d | ||
| 020 | _a9780781762502x | ||
| 041 | _aeng | ||
| 080 | _a616-092 B-84 | ||
| 245 |
_aPathophysiology: _bFunctional Alterations in Human Health / _cCarie A. Braun, Ph.D. Anderson, Cindy M. |
||
| 264 |
_aPhiladelphia : _bLippincott Williams & Wilkins, _c2007. |
||
| 300 |
_a518 p.: _bill.; _c28 cm. |
||
| 653 | _aპათოფიზიოლოგია | ||
| 653 | _aმედიცინა | ||
| 700 |
_aAnderson, Cindy M. _eავტორი _921934 |
||
| 942 |
_2udc _cᲬᲘᲒᲜᲘ |
||